000 00330nam a2200133Ia 4500
008 240624s9999 xx 000 0 und d
041 _aeng
082 _a658.056754 COL
100 _aCOLLINS TIM
245 _aLITTLE BOOK OF TWITTER GET TWEETWISE
260 _c2009
_aLondon
_bMichael O' Mara
300 _a160 : p.
365 _cRS
999 _c15941
_d15941